Les 200 prénoms féminins les plus donnés en France en 1900 - Statistiques

Statistiques générales
  • Ce quiz a été pris 2 522 fois
  • Le résultat moyen est 39 sur 200
Statistiques - réponses
Hint Réponse % Correct
1 M Marie
91%
173 MA Marie-Antoinette
77%
2 J Jeanne
72%
46 J Julie
68%
163 L Lina
62%
5 L Louise
58%
25 A Anna
55%
12 A Anne
55%
51 L Léa
54%
23 J Juliette
50%
61 E Emma
49%
96 S Sophie
47%
11 M Maria
46%
38 P Pauline
45%
60 C Camille
44%
31 R Rose
44%
19 L Lucie
43%
85 L Laure
42%
157 Z Zoé
41%
36 F Françoise
40%
43 E Émilie
39%
44 C Charlotte
38%
82 E Élisa
38%
17 A Alice
37%
41 M Mathilde
37%
140 V Valérie
36%
37 E Élise
35%
18 H Hélène
35%
199 Y Yvette
35%
198 M Martine
34%
86 C Caroline
33%
147 C Christine
33%
57 J Julia
33%
182 C Clara
32%
24 G Gabrielle
32%
81 I Isabelle
32%
104 J Justine
32%
3 M Marguerite
32%
196 V Véronique
32%
6 Y Yvonne
32%
30 C Catherine
31%
101 MT Marie-Thérèse
31%
78 P Paule
31%
159 S Sylvie
31%
79 C Céline
30%
153 N Nathalie
30%
100 E Eva
29%
29 T Thérèse
29%
58 A Amélie
28%
49 C Claire
28%
165 F Flore
28%
158 S Stéphanie
28%
52 E Élisabeth
27%
13 J Joséphine
27%
20 G Georgette
26%
7 M Madeleine
26%
107 M Magdeleine
26%
63 V Valentine
26%
123 V Victoire
26%
117 B Bernadette
25%
68 C Clémence
25%
129 P Paulette
25%
8 S Suzanne
25%
171 AM Anne-Marie
24%
120 A Aurélie
24%
75 S Simone
24%
56 S Simonne
24%
35 A Antoinette
23%
39 C Cécile
23%
174 F Florence
23%
98 L Laurence
23%
156 M Marianne
23%
136 MJ Marie-Jeanne
23%
45 ML Marie-Louise
23%
71 M Mélanie
23%
92 V Virginie
23%
109 A Anaïs
21%
189 E Élodie
21%
148 F Fanny
21%
180 F France
21%
16 H Henriette
21%
106 V Victoria
21%
168 A Agathe
20%
97 C Claudine
20%
76 C Clémentine
20%
34 L Léonie
20%
110 N Noémie
20%
67 O Odette
20%
22 R Renée
20%
32 A Andrée
19%
48 D Denise
19%
95 R Rosa
19%
66 A Adèle
18%
125 D Delphine
18%
83 F Francine
18%
4 G Germaine
18%
194 G Gertrude
18%
185 M Mireille
17%
64 A Aline
16%
135 E Estelle
16%
53 G Geneviève
16%
161 H Héloïse
16%
33 B Blanche
15%
124 E Éléonore
15%
21 L Lucienne
15%
10 M Marcelle
15%
28 A Angèle
14%
191 G Gisèle
14%
9 M Marthe
14%
164 A Angélique
13%
27 A Augustine
13%
121 C Constance
13%
14 E Eugénie
13%
134 L Louisa
13%
184 MR Marie-Rose
13%
162 O Odile
13%
152 P Pierrette
13%
91 R Rachel
13%
40 R Raymonde
13%
102 S Solange
13%
137 Z Zélie
13%
115 A Adeline
12%
88 A Agnès
12%
94 A Andréa
12%
26 F Fernande
11%
99 H Hortense
11%
70 I Irène
11%
62 R Rosalie
11%
55 A Albertine
10%
114 A Annette
10%
15 B Berthe
10%
59 V Victorine
10%
187 A Alix
9%
178 C Clarisse
9%
146 E Édith
9%
186 E Églantine
9%
54 J Julienne
9%
176 L Lucile
9%
149 M Mariette
9%
74 A Aimée
8%
108 C Claudia
8%
84 C Clotilde
8%
192 E Éliane
8%
50 E Émilienne
8%
87 F Félicie
8%
42 L Léontine
8%
47 A Adrienne
7%
133 A Armande
7%
200 C Céleste
7%
93 C Célestine
7%
65 E Ernestine
7%
141 E Esther
7%
105 G Gilberte
7%
193 M Mélina
7%
73 O Olga
7%
167 R Rolande
7%
90 A Alexandrine
6%
69 A Alphonsine
6%
151 E Emilia
6%
190 L Lucia
6%
113 M Marcelline
6%
130 S Sidonie
6%
127 A Adélaïde
5%
145 A Angelina
5%
131 A Angéline
5%
77 A Augusta
5%
144 C Carmen
5%
150 H Honorine
5%
126 M Marceline
5%
112 N Noëlie
5%
80 P Philomène
5%
72 R Reine
5%
122 D Désirée
4%
89 I Irma
4%
103 L Léone
4%
143 N Nelly
4%
119 O Octavie
4%
116 A Antonia
3%
172 B Benoîte
3%
118 C Célina
3%
142 E Emélie
3%
160 F Félicité
3%
155 F Florentine
3%
166 G Georgina
3%
111 I Ida
3%
132 L Lydie
3%
139 R Rosine
3%
195 Z Zélia
3%
179 A Adolphine
2%
183 A Anastasie
2%
170 A Antonine
2%
128 A Armandine
2%
138 B Baptistine
2%
154 E Eulalie
2%
197 A Alida
1%
169 B Barbe
1%
181 E Étienette
1%
177 E Euphrasie
1%
188 P Palmyre
1%
175 R Régina
1%
Aucun quiz correspondant
Distribution des résultats
% des personnes avec chaque résultat
Percentile par nombre de réponses
Votre historique - résultats
Vous n’avez pas pris ce quiz